|
|
|
|
| LEADER |
00742nam a2200193Ia 4500 |
| 001 |
157697 |
| 008 |
170722s9999 xx 000 0 und d |
| 020 |
|
|
|a 9788120333017
|
| 100 |
|
|
|a Sen, Leena
|
| 245 |
|
|
|a Communication skills /
|
| 250 |
|
|
|a 2nd ed.
|
| 260 |
|
|
|a New Delhi :
|b Prentice Hall of India ,
|c 2007.
|
| 300 |
|
|
|a xiii+277
|
| 653 |
|
|
|a Communication Skill
|
| 923 |
|
|
|d 20080829
|n MBC-1278/0
|
| 942 |
|
|
|c GEN
|
| 999 |
|
|
|c 137491
|d 137491
|
| 952 |
|
|
|0 0
|1 0
|4 0
|6 13_P7P71
|7 0
|9 194220
|a LIB
|b LIB
|d 2013-03-25
|e Modern Book Centre
|o 1:3 P7-P7;1
|p 268384
|r 2017-08-12
|v 195.00
|w 2017-08-12
|y GEN
|
| 952 |
|
|
|0 0
|1 0
|4 0
|6 13_P7P71
|7 0
|9 194221
|a LIB
|b LIB
|d 2014-12-23
|e TBS Publishers&Distributors
|l 5
|o 1:3 P7-P7;1
|p 297831
|r 2020-02-01
|s 2020-01-17
|v 195.00
|w 2017-08-12
|y GEN
|